000 00882nam a22002657a 4500
999 _c64108
_d64108
005 20240530110715.0
008 180219s2006 ua g 00| 0|ara d
017 _a2006/8597
_bمصر. دار الكتب
020 _a9770915580
040 _aEG-CaGPL
_cEG-CaGPL
082 0 4 _221
_a347 /
_bط ق
100 0 _aطارق البشرى
245 1 2 _aالقضاء المصرى بين الاستقلال والاحتواء /
_cطارق البشرى
250 _aط. 2
260 _aالقاهرة :
_bنادى القضاة،
_c2006.
300 _a96 ص. ؛
_c24 سم.
650 0 7 _2qrmak
_aالقضاء
650 0 7 _2qrmak
_aالتنظيم القضائى
650 0 7 _2qrmak
_aالرقابة القضائية
650 0 7 _2qrmak
_aحرية القضاء
650 0 7 _2qrmak
_aالرقابة القضائية
651 _2qrmak
942 _2ddc
_cBK